000 00913nam a2200265Ia 4500
003 OSt
005 20221005111404.0
006 a|||||r|||| 00| 0
007 ta
008 221004b |||||||| |||| 00| 0 hin d
020 _a8170556260 (hbk)
_c100
024 _a96687
037 _b568, 23/03/2009, Vani Prakashan
_cTextual
040 _aCRL
_cCRL
_bhin
041 _2hin
_ahin
082 _aO1,1x, 152N8
100 _aनगेन्द्र, संपा.
245 0 _aविश्व काव्य चयनिका
246 _aVishva kāvya chayanikā
260 _aनई दिल्ली
_bवाणी प्रकाशन भारत
_c1998
300 _a122पृ0
_ccm.
650 _aहिन्दी कविता
942 _hO1,1x, 152N8
_cTEXL
_2cc
999 _c1021695
_d1021695